Which Country - Multiple Choice #2 - Statistics

General Stats
  • This quiz has been taken 449 times
    424 since last reset
  • The average score is 8 of 15
Answer Stats
Question Answer % Correct
The Han people are originally from which modern-day country? China
80%
On Hajj you go to which one of these countries? Saudi Arabia
80%
Gotland is the largest island of which European country? Sweden
76%
Which one of these countries' name is not the same as its capital city? Qatar
68%
Which one of these countries had a revolution between the years of 1978 and 1979? Iran
64%
Which one of these countries does not have any nuclear weapons? Japan
60%
The Ubang language is notable for it having male and female forms. In which country is it spoken? Nigeria
56%
The meaning of the name of which one of these countries' capital city is "the eastern capital"? Japan
52%
Which one of these countries is not landlocked and bordered by only two countries? Slovakia
48%
What is the most populous country that starts with the letter A? Argentina
44%
The people of which one of these countries call their homeland Hayastan? Armenia
44%
In which country is the region of Rift Valley located? Kenya
44%
What Oceanic country is the only country to not have a national capital city? Nauru
40%
The national bird of which one of these countries is peacock? India
32%
What central-Asian country's second most populous city is called Osh? Kyrgyzstan
32%
No matching quizzes found
Score Distribution
Percent of People with Each Score
Percentile by Number Answered
Your Score History
You have not taken this quiz since the last reset